|
|
|
|
| LEADER |
00000nab a2200000 a 4500 |
| 001 |
vtls000784679 |
| 003 |
SK-MaSNL |
| 005 |
20260304182504.0 |
| 008 |
250505c2001 xo 0 slo |
| 015 |
|
|
|a SNBRB2002/02-06840
|
| 035 |
|
|
|a CLN000136352
|
| 035 |
|
|
|a (urnnbn)urn:nbn:sk:snk:ar-004f85
|
| 035 |
|
|
|a (uuid)6b40db91-ed18-4740-b12f-347aa6c6e7ca
|
| 035 |
|
|
|a urn:nbn:sk:snk-ab7w1o
|
| 040 |
|
|
|a SNKBUCL
|b slo
|c SNKBUCL
|e AACR2
|
| 041 |
0 |
|
|a slo
|
| 044 |
|
|
|a xo
|c SK
|
| 080 |
|
|
|a 940.2"1670/1711":943.92:323.22
|2 1997
|
| 080 |
|
|
|a 943.92"1670/1711"
|2 1997
|
| 080 |
|
|
|a 323.22:943.92"1670/1711"(048)
|2 1997
|
| 100 |
1 |
|
|a Pavlovič, Richard,
|d 1981-
|4 aut
|9 151601
|
| 245 |
1 |
0 |
|a Kónya, P.: Prešov, Bardejov a Sabinov počas protireformácie a protihabsburských povstaní (1670-1711)
|c R. Pavlovič
|
| 648 |
|
7 |
|a 1670-1711
|2 snkbucl
|9 493118
|
| 648 |
|
7 |
|a 17.-18. stor.
|2 snkbucl
|9 289778
|
| 650 |
0 |
7 |
|a protihabsburské povstania
|2 snkbucl
|9 70378
|
| 650 |
0 |
7 |
|a protireformácia
|2 snkbucl
|9 4020
|
| 651 |
|
7 |
|a Uhorsko
|x dejiny
|2 snkbucl
|9 56334
|
| 651 |
|
7 |
|a Prešov (Slovensko)
|2 snkbucl
|9 17347
|
| 651 |
|
7 |
|a Bardejov (Slovensko)
|2 snkbucl
|9 20040
|
| 651 |
|
7 |
|a Sabinov (Slovensko)
|x dejiny
|2 snkbucl
|9 65736
|
| 651 |
|
7 |
|a Slovensko
|x dejiny
|2 snkbucl
|9 13278
|
| 655 |
|
7 |
|a recenzie
|2 snkbucl
|9 21907
|
| 773 |
0 |
|
|t Historický časopis
|g Roč. 49, č. 3 (2001), s. 556-557
|x 0018-2575
|
| 787 |
0 |
8 |
|i Rec.:
|a Kónya, Peter, 1966-
|t Prešov, Bardejov a Sabinov počas protireformácie a protihabsburských povstaní
|d Prešov : Biskupský úrad Vých. dištriktu ECAV, 2000
|z 8096795147
|
| 850 |
|
|
|a Slovenská národná knižnica
|
| 852 |
|
|
|a Slovenská národná knižnica
|
| 954 |
|
|
|a odborná, vedecká literatúra pôvodná (slovenská)
|2 lita
|
| 958 |
|
|
|a article9
|
| 958 |
|
|
|a OND
|
| 958 |
|
|
|a RC
|
| 958 |
|
|
|a EUIPO
|
| 999 |
|
|
|c 3029612
|d 3031542
|